Central Library OPAC University of Rajshahi

George Hogben : (Record no. 61302)

MARC details
000 -LEADER
fixed length control field 00868nam a2200265 a 4500
001 - CONTROL NUMBER
control field 61302
003 - CONTROL NUMBER IDENTIFIER
rucl marc code BD-RjUL
005 - DATE AND TIME OF LATEST TRANSACTION
control field 20211209080938.0
008 - FIXED-LENGTH DATA ELEMENTS--GENERAL INFORMATION
fixed length control field 170117s1952 nz a 001 0beng d
035 ## - SYSTEM CONTROL NUMBER
System control number (BD-RjUL)61426
040 ## - CATALOGING SOURCE
Original cataloging agency BD-RjUL
Language of cataloging eng
Transcribing agency BD-RjUL
041 ## - LANGUAGE CODE
Language code of text/sound track or separate title eng
082 ## - DEWEY DECIMAL CLASSIFICATION NUMBER
Edition number 23
Classification number 370.92
Author mark and year ROG 1952
100 1# - MAIN ENTRY--PERSONAL NAME
Personal name Roth, Herbert Otto,
Dates associated with a name 1917-
9 (RLIN) 182830
245 10 - TITLE STATEMENT
Title George Hogben :
Remainder of title a biography /
Statement of responsibility, etc. by Herbert Roth
260 ## - PUBLICATION, DISTRIBUTION, ETC. (IMPRINT)
Place of publication, distribution, etc. Wellington, N.Z :
Name of publisher, distributor, etc. New Zealand Council for Educational Research,
Date of publication, distribution, etc. 1952
300 ## - PHYSICAL DESCRIPTION
Pagination 162 p :
Illustrations ill. ;
Size 23 cm
490 1# - SERIES STATEMENT
Series statement Educational research series ;
Volume/sequential designation no. 33
504 ## - BIBLIOGRAPHY, ETC. NOTE
Bibliography, etc Includes bibliography and index
600 10 - SUBJECT ADDED ENTRY--PERSONAL NAME
Personal name Hogben, George,
Dates associated with a name 1853-1920
650 #0 - SUBJECT ADDED ENTRY--TOPICAL TERM
Topical term or geographic name as entry element Educators
Geographic subdivision New Zealand
General subdivision Biography
9 (RLIN) 182832
830 #0 - SERIES ADDED ENTRY--UNIFORM TITLE
Uniform title Educational research series ;
Volume number/sequential designation no. 33
942 ## - ADDED ENTRY ELEMENTS (KOHA)
Source of classification or shelving scheme Dewey Decimal Classification
Koha item type Books
Holdings
Lost status Source of classification or shelving scheme Damaged status Not for loan Collection code Permanent Location Current Location Shelving location Date acquired Source of acquisition Cost, normal purchase price Total Checkouts Full call number Date last seen Copy number Koha item type
  Dewey Decimal Classification   Not For Loan Non-fiction Central Library, University of Rajshahi Central Library, University of Rajshahi Reading Room 27/11/1957 Oxford University Press 15.06   370.92 ROG 1952 17/01/2017 C-1 Books